| 000 | 01144nam a22002777a 4500 | ||
|---|---|---|---|
| 001 | BD-DhSAU | ||
| 003 | BD-DhSAU | ||
| 005 | 20210921154524.0 | ||
| 008 | 150613b2019 bg a|||| m||| 00| 0 eng d | ||
| 040 | _aBD-DhSAU | ||
| 082 |
_222 _a338.176 _bR1293 |
||
| 100 |
_aRahman, Md. Jahidur _eRegistration # 17-08241 |
||
| 245 |
_aProduction and management of rhesus monkey under captive condition at Bangladesh national zoo / _bMS thesis |
||
| 260 |
_aSher-e-Bangla Agricultural University : _bDepartment of Animal Production & Management , _c2019. |
||
| 300 |
_axii, 65p. : _bill. ; _c30 cm. |
||
| 500 | _aMS thesis of Department of Animal Production & Management, Faculty of Animal science, Sher-e-Bangla Agricultural University, Dhaka, Bangladesh | ||
| 504 | _aIncludes bibliographical reference. | ||
| 590 | _aRoy | ||
| 650 | _aAnimal Production | ||
| 650 |
_aRhesus Monkey _zBangladesh |
||
| 650 |
_aNational zoo _zBangladesh |
||
| 700 |
_aAlam, Md. jahangir _eSuperviser |
||
| 700 |
_aJalil, MA _eCo-superviser |
||
| 856 | _uhttp://archive.saulibrary.edu.bd:8080/xmlui/handle/123456789/3193 | ||
| 942 |
_2ddc _cTHESIS |
||
| 999 |
_c15023 _d15022 |
||